Score 0/22 Timer 08:00
1 Play Today
% Correct
Brutus is not going to like this at all.
87.9%
He looks dead.
87.8%
Why are you all dressed up?
87.3%
Just a whiny kid teamed up with a drunken manchild.
87%
Sleep well.
86.6%
I'm gonna stop you right there, Cimber.
86.2%
I've been trying to get struck by lightning.
85.4%
Oh, now you're going to make me cry too.
85.3%
It's my birthday. And I'm going to die. How symmetrical.
85.2%
I've said too much.
85.1%
It's getting late.
84.9%
% Correct
They're going to write plays about us!
83.3%
Tell me what's wrong.
83.2%
Calm down. Stop yelling.
82.7%
They're just trying to scare us.
82.5%
Just going through some personal stuff.
81%
There's always suicide.
80.3%
I'm going to have to hit you.
79.4%
Let's stop talking and start killing each other.
78.5%
I'm in.
77.2%
What are you doing up?
71.4%
You have to strike while the iron is hot.
69.7%
Remove Ads.
Support Sporcle.
Get the best of Sporcle when you Go Orange. This ad-free experience offers more features, more stats, and more fun while also helping to support Sporcle. Thank you for becoming a member.

You're not logged in!

Compare scores with friends on all Sporcle quizzes.
OR
Log In

Sporcle TV

Today on Sporcle TV


Watch our educational content, quiz creation guides, and fun videos on Sporcle TV.

Show Comments

Extras

Top Quizzes Today


Score Distribution

Paid Content

Your Account Isn't Verified!

In order to create a playlist on Sporcle, you need to verify the email address you used during registration. Go to your Sporcle Settings to finish the process.

Report this User

Report this user for behavior that violates our Community Guidelines.

Details: